British foods by picture - Statistics

General Stats
  • This quiz has been taken 59 times
  • The average score is 16 of 24
Answer Stats
Picture Answer % Correct
Fish and Chips
96%
Tea
92%
Jacket Potato / Baked Potato
90%
Full English Breakfast
88%
Baked Beans
86%
Bangers and Mash / Sausage and Mash
82%
Biscuits
80%
Scones
80%
Yorkshire Pudding
80%
Cucumber Sandwiches
76%
Hot Cross Buns
76%
Crumpets
71%
Shortbread
71%
Beef Wellington
69%
Spaghetti Bolognese
67%
Mince Pies
65%
Lemon Drizzle Cake
57%
Cornish Pasty
55%
Rice Pudding
53%
Trifle
53%
Sunday Roast / Roast Dinner / Carvery
51%
Chicken Tikka Masala
47%
Ploughman's Lunch
20%
Yorkshire Parkin
4%
No matching quizzes found
Score Distribution
Percent of People with Each Score
Percentile by Number Answered
Your Score History
You have not taken this quiz